Administrative Law / (Record no. 176856)
[ view plain ]
| 000 -LEADER | |
|---|---|
| fixed length control field | 00951 a2200229 4500 |
| 003 - CONTROL NUMBER IDENTIFIER | |
| control field | NUST |
| 005 - DATE AND TIME OF LATEST TRANSACTION | |
| control field | 20221219152138.0 |
| 010 ## - LIBRARY OF CONGRESS CONTROL NUMBER | |
| LC control number | 84220705 |
| 020 ## - INTERNATIONAL STANDARD BOOK NUMBER | |
| International Standard Book Number | 0195674774 |
| 020 ## - INTERNATIONAL STANDARD BOOK NUMBER | |
| International Standard Book Number | 0420470301 (pbk.) |
| 040 ## - CATALOGING SOURCE | |
| Transcribing agency | Nust |
| 082 00 - DEWEY DECIMAL CLASSIFICATION NUMBER | |
| Classification number | 342.7,WAD |
| 100 1# - MAIN ENTRY--PERSONAL NAME | |
| Personal name | Wade, H.W.R |
| 9 (RLIN) | 105221 |
| 245 14 - TITLE STATEMENT | |
| Title | Administrative Law / |
| Statement of responsibility, etc. | C.F.Forsyth and H.W.R. Wade. |
| 250 ## - EDITION STATEMENT | |
| Edition statement | 9th ed. |
| 260 ## - PUBLICATION, DISTRIBUTION, ETC. | |
| Place of publication, distribution, etc. | London : |
| Name of publisher, distributor, etc. | Stevens, |
| Date of publication, distribution, etc. | 1984. |
| 300 ## - PHYSICAL DESCRIPTION | |
| Extent | cxxviii, 1230 p. : |
| Other physical details | ill. ; |
| Dimensions | 25 cm. |
| 505 ## - FORMATTED CONTENTS NOTE | |
| Formatted contents note | Introduction (Page-3), Constitutional Foundations Of The Powers Of The Courts (Page-20), Authorities And Functions (Page-45), European Influences (Page-161), Powers And Jurisdiction (Page-213), Discretionary Power (Page-311), Natural Justice (Page-439), Remedies And Liabilities (Page-559), Administrative Legislation And Adjudication (Page-857). |
| 650 #0 - SUBJECT ADDED ENTRY--TOPICAL TERM | |
| Topical term or geographic name entry element | Real property |
| Geographic subdivision | England. |
| 9 (RLIN) | 105222 |
| 700 1# - ADDED ENTRY--PERSONAL NAME | |
| Personal name | Wade, William, |
| Dates associated with a name | 1918- |
| 9 (RLIN) | 105223 |
| 942 ## - ADDED ENTRY ELEMENTS (KOHA) | |
| Source of classification or shelving scheme | |
| Koha item type | Book |
| Call number prefix | 342.7,WAD |
| Withdrawn status | Lost status | Source of classification or shelving scheme | Damaged status | Not for loan | Collection code | Permanent Location | Current Location | Date acquired | Total Checkouts | Full call number | Barcode | Date last seen | Price effective from | Koha item type | Shelving location | Public note |
|---|---|---|---|---|---|---|---|---|---|---|---|---|---|---|---|---|
| Military College of Signals (MCS) | Military College of Signals (MCS) | 12/12/2016 | 346.42043 WAD | MCS33644 | 12/08/2016 | 12/12/2016 | Book | |||||||||
| Military College of Signals (MCS) | Military College of Signals (MCS) | 12/12/2016 | 342.7,WAD | MCS33645 | 12/08/2016 | 12/12/2016 | Book | General Stacks | Almirah No.50, Shelf No.6 |
